Les 5 majeurs des équipes NBA en playoffs 2024/2025 - Conférence Est - Statistiques

Statistiques générales
  • Ce quiz a été pris 132 fois
  • Le résultat moyen est 32 sur 50
Statistiques - réponses
Equipe Joueur Poste % Correct
Cleveland Cavaliers Donovan Mitchell A
99%
Boston Celtics Jayson Tatum AF
98%
Boston Celtics Jaylen Brown AI
97%
Milwaukee Bucks Giannis Antetokounmpo AF
93%
Detroit Pistons Cade Cunningham MJ
92%
Chicago Bulls Coby White A
92%
Boston Celtics Derrick White A
92%
New York Knicks Jalen Brunson MJ
91%
Atlanta Hawks Trae Young MJ
91%
New York Knicks Karl Anthony Towns P
90%
Indiana Pacers Tyrese Haliburton MJ
90%
Cleveland Cavaliers Darius Garland MJ
89%
Orlando Magic Franz Wagner AI
88%
Boston Celtics Kristaps Porzingis P
86%
Orlando Magic Paulo Banchero AF
86%
Cleveland Cavaliers Jarrett Allen P
85%
Cleveland Cavaliers Evan Mobley AF
84%
Boston Celtics Jrue Holiday MJ
84%
Miami Heat Bam Adebayo P
82%
Milwaukee Bucks Damian Lillard MJ
82%
Indiana Pacers Pascal Siakam AF
81%
Indiana Pacers Miles Turner P
78%
Atlanta Hawks Zaccharie Risacher AI
76%
Milwaukee Bucks Brook Lopez P
75%
New York Knicks Josh Hart AI
69%
Miami Heat Tyler Herro MJ
69%
New York Knicks Mikal Bridges A
64%
New York Knicks OG Anunoby AF
64%
Chicago Bulls Nikola Vucevic P
63%
Detroit Pistons Jalen Duren P
61%
Milwaukee Bucks Kyle Kuzma AI
55%
Chicago Bulls Josh Giddey MJ
53%
Indiana Pacers Andrew Nembhard A
49%
Detroit Pistons Tobias Harris AI
48%
Detroit Pistons Ausar Thompson AF
44%
Atlanta Hawks Dyson Daniels A
44%
Indiana Pacers Aaron Nesmith AI
40%
Miami Heat Duncan Robinson A
40%
Miami Heat Andrew Wiggins AI
36%
Detroit Pistons Tim Hardaway Jr. A
36%
Orlando Magic Wendell Carter Jr. P
36%
Atlanta Hawks Onyeka Okongwu P
33%
Cleveland Cavaliers Isaac Okoro AI
32%
Orlando Magic Kentavious Caldwell Pope A
32%
Chicago Bulls Matas Buzelis AF
31%
Miami Heat Kel'el Ware AF
26%
Milwaukee Bucks Taurean Prince A
20%
Orlando Magic Cory Joseph MJ
17%
Chicago Bulls Kevin Huerter AI
16%
Atlanta Hawks Mouhamed Gueye AF
10%
Aucun quiz correspondant
Distribution des résultats
% des personnes avec chaque résultat
Percentile par nombre de réponses
Votre historique - résultats
Vous n’avez pas pris ce quiz